000 00632cam a2200193 4500500
005 20260405004115.0
041 _afre
042 _adc
100 1 0 _aTiercelin, Claudine
_eauthor
245 0 0 _aClaudine Tiercelin : la philosophie, le ciment des choses
260 _c2023.
500 _a79
690 _aChoses
690 _aConcepts
690 _aConnaissance
690 _aMots
786 0 _nPhilosophie magazine - Hors séries | Hors série - Autome 2023 | HS59 | 2023-10-01 | p. 14-14 | 2104-9246
856 4 1 _uhttps://shs.cairn.info/magazine-philosophie-magazine-2023-hs59-page-14?lang=fr&redirect-ssocas=7080
999 _c2073761
_d2073761